[Event "Elets-A 75th"]
[Site "Elets"]
[Date "2014.12.06"]
[Round "8"]
[White "Gladyszev, Oleg"]
[Black "Kovalev, Vladislav"]
[Result "0-1"]
[WhiteElo "2426"]
[BlackElo "2539"]
[PlyCount "80"]
[EventDate "2014.11.29"]
[EventType "tourn"]
[EventRounds "9"]
[EventCountry "RUS"]
[EventCategory "10"]
[SourceTitle "EXT 2016"]
[Source "ChessBase"]
[SourceDate "2015.10.08"]
[SourceVersion "1"]
[SourceVersionDate "2015.10.08"]
[SourceQuality "1"]

1. d4 Nf6 2. c4 e5 3. dxe5 Ng4 4. Bf4 g5 5. Bg3 Bg7 6. Nf3 Nc6 7. h4 Ngxe5 8. Nxe5 Nxe5 9. Nd2 g4 10. h5 f5 11. h6 Bf6 12. Qc2 d6 13. e4 0-0 14. exf5 Bg5 15. Bxe5 Qe7 16. 0-0-0 Bxf5 17. Bd3 Bxd3 18. Qxd3 Qxe5 19. Rde1 Qf5 20. Qxf5 Rxf5 21. Re4 Bxd2+ 22. Kxd2 Rxf2+ 23. Kc3 Rxg2 24. Rh5 Kh8 25. Rg5 Rg8 26. Rxg8+ Kxg8 27. Re7 Rh2 28. Rg7+ Kh8 29. Rxg4 Rxh6 30. Re4 Rf6 31. Re7 h5 32. Rxc7 h4 33. Re7 h3 34. Re2 Rh6 35. Rh2 Kg7 36. Kd4 Kf6 37. Ke4 Kg5 38. Kf3 Kh4 39. Kf2 Rg6 40. Kf1 Kg3 0-1

[Event "Elets-A 75th"]
[Site "Elets"]
[Date "2014.11.30"]
[Round "2"]
[White "Gladyszev, Oleg"]
[Black "Chekhov, Sergey"]
[Result "0-1"]
[WhiteElo "2426"]
[BlackElo "2466"]
[PlyCount "80"]
[EventDate "2014.11.29"]
[EventType "tourn"]
[EventRounds "9"]
[EventCountry "RUS"]
[EventCategory "10"]
[SourceTitle "EXT 2016"]
[Source "ChessBase"]
[SourceDate "2015.10.08"]
[SourceVersion "1"]
[SourceVersionDate "2015.10.08"]
[SourceQuality "1"]

1. d4 Nf6 2. c4 e6 3. Nc3 Bb4 4. Qc2 c5 5. dxc5 0-0 6. a3 Bxc5 7. Nf3 a6 8. Bg5 Be7 9. e3 d6 10. Be2 b6 11. 0-0 Bb7 12. Rfd1 Nbd7 13. b4 Qc7 14. Rac1 Rac8 15. Bf4 Rfd8 16. Bg3 h6 17. Qd2 Nf8 18. h3 Ng6 19. Qb2 Nd7 20. Qd2 Bxf3 21. Bxf3 Nde5 22. Be2 Nxc4 23. Qa2 b5 24. a4 Bh4 25. Bxh4 Nxh4 26. g3 Nxe3 27. fxe3 d5 28. Kh2 Nf5 29. Rg1 Qe5 30. Qd2 d4 31. Nd1 Rxc1 32. Qxc1 dxe3 33. Qc3 Qe4 34. axb5 axb5 35. Rg2 Rd2 36. g4 Nd4 37. Qc8+ Kh7 38. Nc3 Qf4+ 39. Kg1 Nxe2+ 40. Rxe2 Qg3+ 0-1

[Event "Elets Rector Cup"]
[Site "Elets"]
[Date "2014.08.07"]
[Round "6"]
[White "Chekhov, Sergey"]
[Black "Gladyszev, Oleg"]
[Result "1-0"]
[WhiteElo "2465"]
[BlackElo "2438"]
[PlyCount "83"]
[EventDate "2014.08.02"]
[EventType "tourn"]
[EventRounds "9"]
[EventCountry "RUS"]
[EventCategory "9"]
[SourceTitle "EXT 2016"]
[Source "ChessBase"]
[SourceDate "2015.10.08"]
[SourceVersion "1"]
[SourceVersionDate "2015.10.08"]
[SourceQuality "1"]

1. e4 c5 2. Nf3 Nc6 3. d4 cxd4 4. Nxd4 Nf6 5. Nc3 e5 6. Ndb5 d6 7. Bg5 a6 8. Na3 b5 9. Bxf6 gxf6 10. Nd5 Bg7 11. Bd3 Ne7 12. Nxe7 Qxe7 13. c4 f5 14. 0-0 0-0 15. Qh5 Rb8 16. exf5 e4 17. Rae1 Bb7 18. Qg4 bxc4 19. Bxe4 Bxe4 20. Rxe4 Qf6 21. Rxc4 Rxb2 22. Rc2 Rfb8 23. Rd1 d5 24. g3 Qe5 25. Rxb2 Rxb2 26. Nc4 Qe2 27. Qxe2 Rxe2 28. Rxd5 Bc3 29. a3 Re4 30. Nb6 Bd4 31. Nd7 Kg7 32. h4 Bb2 33. Ra5 Rd4 34. Nb8 Rd3 35. Nxa6 Bd4 36. Kg2 Rd2 37. Rd5 Rxf2+ 38. Kh3 Bb2 39. a4 f6 40. Nc5 Be5 41. Nd3 Rxf5 42. Nf4 1-0

[Event "Elets Rector Cup"]
[Site "Elets"]
[Date "2014.08.04"]
[Round "3"]
[White "Gladyszev, Oleg"]
[Black "Nechaeva, Marina"]
[Result "1/2-1/2"]
[WhiteElo "2438"]
[BlackElo "2362"]
[PlyCount "125"]
[EventDate "2014.08.02"]
[EventType "tourn"]
[EventRounds "9"]
[EventCountry "RUS"]
[EventCategory "9"]
[SourceTitle "EXT 2016"]
[Source "ChessBase"]
[SourceDate "2015.10.08"]
[SourceVersion "1"]
[SourceVersionDate "2015.10.08"]
[SourceQuality "1"]

1. d4 d5 2. c4 c6 3. Nf3 Nf6 4. Nc3 e6 5. Bg5 Nbd7 6. cxd5 exd5 7. e3 Be7 8. Bd3 Ne4 9. Bf4 Ndf6 10. Qc2 0-0 11. 0-0 Bf5 12. Ng5 Nxg5 13. Bxf5 Ne6 14. Be5 g6 15. Bxf6 Bxf6 16. Bxe6 fxe6 17. f4 Rc8 18. Na4 c5 19. dxc5 b5 20. Nc3 Rxc5 21. Qb3 Bxc3 22. Rac1 Qc7 23. Rxc3 Rxc3 24. Qxc3 Qxc3 25. bxc3 Rc8 26. Rc1 Rc4 27. Kf2 Kf7 28. Ke2 Ra4 29. Rc2 Kf6 30. Kd3 Kf5 31. h3 h5 32. g3 a6 33. Rg2 Kf6 34. Rf2 Ke7 35. g4 hxg4 36. hxg4 g5 37. fxg5 Rxg4 38. Rh2 Kd6 39. Rh8 Rxg5 40. Ra8 Kc5 41. Rxa6 e5 42. e4 Rg3+ 43. Kd2 d4 44. cxd4+ Kxd4 45. Ra5 Rg2+ 46. Kd1 Kc4 47. a4 b4 48. Rxe5 b3 49. Kc1 b2+ 50. Kb1 Kb3 51. Rb5+ Ka3 52. e5 Rg1+ 53. Kc2 Rc1+ 54. Kd3 b1Q+ 55. Rxb1 Rxb1 56. Kc4 Kxa4 57. e6 Re1 58. Kd5 Kb5 59. Kd6 Rd1+ 60. Kc7 Kc5 61. e7 Re1 62. Kd7 Rxe7+ 63. Kxe7 1/2-1/2

[Event "Voronezh op-A 17th"]
[Site "Voronezh"]
[Date "2013.06.18"]
[Round "6"]
[White "Korchmar, Vasiliy"]
[Black "Gladyszev, Oleg"]
[Result "1/2-1/2"]
[WhiteElo "2323"]
[BlackElo "2442"]
[PlyCount "41"]
[EventDate "2013.06.12"]
[EventType "swiss"]
[EventRounds "9"]
[EventCountry "RUS"]
[SourceTitle "EXT 2014"]
[Source "ChessBase"]
[SourceDate "2013.11.20"]
[SourceVersion "1"]
[SourceVersionDate "2013.11.20"]
[SourceQuality "1"]

1. d4 Nf6 2. c4 g6 3. Nc3 Bg7 4. e4 d6 5. Nf3 0-0 6. h3 e5 7. d5 Nh5 8. g3 Qe8 9. Bg2 a5 10. 0-0 Na6 11. a3 Bd7 12. b3 f5 13. exf5 gxf5 14. Rb1 e4 15. Nd4 Nc5 16. Ncb5 Rc8 17. Na7 Ra8 18. Nab5 Rc8 19. Na7 Ra8 20. Nab5 Rc8 21. Na7 1/2-1/2

[Event "Voronezh op-A 17th"]
[Site "Voronezh"]
[Date "2013.06.17"]
[Round "5"]
[White "Gladyszev, Oleg"]
[Black "Kozionov, Kirill"]
[Result "1/2-1/2"]
[WhiteElo "2442"]
[BlackElo "2333"]
[PlyCount "76"]
[EventDate "2013.06.12"]
[EventType "swiss"]
[EventRounds "9"]
[EventCountry "RUS"]
[SourceTitle "EXT 2014"]
[Source "ChessBase"]
[SourceDate "2013.11.20"]
[SourceVersion "1"]
[SourceVersionDate "2013.11.20"]
[SourceQuality "1"]

1. d4 Nf6 2. c4 c5 3. d5 e6 4. Nc3 exd5 5. cxd5 d6 6. e4 g6 7. f4 Bg7 8. Bb5+ Nfd7 9. a4 Qh4+ 10. g3 Qe7 11. Nf3 0-0 12. 0-0 Na6 13. Re1 Nb4 14. h3 a6 15. Bf1 b6 16. Be3 Bb7 17. Bf2 f6 18. Nd2 g5 19. Nc4 gxf4 20. gxf4 Bh6 21. Bg3 Kh8 22. Ne3 Rg8 23. Kh2 Rxg3 24. Kxg3 Rg8+ 25. Ng4 Bxf4+ 26. Kxf4 h5 27. Be2 hxg4 28. hxg4 Ne5 29. Rh1+ Kg7 30. Kg3 Bc8 31. Qd2 Kf8 32. Rh4 Ng6 33. Rh5 Ne5 34. Rh4 Ng6 35. Rh5 Ne5 36. Rh4 Ng6 37. Rh5 Ne5 38. Rh4 Ng6 1/2-1/2

[Event "Chigorin Memorial 20th"]
[Site "St Petersburg"]
[Date "2012.11.01"]
[Round "6"]
[White "Lenderman, Aleksandr"]
[Black "Gladyszev, Oleg"]
[Result "1-0"]
[WhiteElo "2614"]
[BlackElo "2446"]
[PlyCount "243"]
[EventDate "2012.10.27"]
[EventType "swiss"]
[EventRounds "9"]
[EventCountry "RUS"]
[SourceTitle "EXT 2013"]
[Source "ChessBase"]
[SourceDate "2012.11.22"]
[SourceVersion "1"]
[SourceVersionDate "2012.11.22"]
[SourceQuality "1"]

1. d4 Nf6 2. c4 g6 3. Nc3 Bg7 4. e4 d6 5. Nf3 0-0 6. Be2 e5 7. 0-0 Nc6 8. d5 Ne7 9. Ne1 Nd7 10. Be3 f5 11. f3 f4 12. Bf2 g5 13. Rc1 Ng6 14. Nb5 b6 15. b4 a6 16. Nc3 Rf7 17. Nd3 Bf8 18. c5 bxc5 19. bxc5 Rg7 20. cxd6 Bxd6 21. Na4 Nf6 22. Nac5 Nf8 23. Qa4 g4 24. Bh4 Ng6 25. Bxf6 Qxf6 26. fxg4 h5 27. Qe8+ Kh7 28. Ne6 Rg8 29. g5 Rxe8 30. gxf6 Bxe6 31. dxe6 Rxe6 32. Bxh5 Rxf6 33. Bxg6+ Rxg6 34. Rf3 Rb8 35. Kf2 Kg7 36. g3 Rh8 37. Kg2 Rgh6 38. Rh1 fxg3 39. Rxg3+ Kf6 40. Nf2 Ke6 41. Ng4 Rh4 42. Rf1 Rb8 43. Rf6+ Ke7 44. Rf2 Ke6 45. h3 Rb4 46. Re2 Rh8 47. Rf3 Be7 48. Rf5 Bd6 49. Rf6+ Ke7 50. Kg3 Ra4 51. Rf3 Ke6 52. Kg2 Be7 53. Rf5 Bd6 54. Rg5 Rc4 55. Rg6+ Kf7 56. Rf6+ Ke7 57. Rh6 Rxh6 58. Nxh6 Kf6 59. h4 Rc3 60. Nf5 Ra3 61. Ng3 Kg6 62. Rc2 a5 63. Rf2 Bc5 64. Rc2 Bd6 65. Kh3 Rf3 66. Rh2 Bc5 67. h5+ Kh6 68. Rc2 Bf2 69. Rc6+ Kh7 70. Rxc7+ Kh6 71. Rc6+ Kh7 72. Kg2 Rxg3+ 73. Kxf2 Ra3 74. Re6 a4 75. Rxe5 Rxa2+ 76. Kf3 a3 77. Ra5 Kh6 78. Kg4 Rg2+ 79. Kf4 Ra2 80. Ke5 Ra1 81. Ke6 a2 82. e5 Kxh5 83. Ra8 Kh6 84. Rh8+ Kg7 85. Rh2 Kf8 86. Rg2 Rb1 87. Rxa2 Rb6+ 88. Kd7 Rb7+ 89. Kc6 Rb1 90. Ra7 Ke8 91. Kc5 Rb2 92. Rh7 Ra2 93. Kd5 Ra5+ 94. Ke6 Ra6+ 95. Kf5 Rb6 96. Rc7 Ra6 97. Rb7 Kf8 98. Rh7 Ke8 99. Rc7 Kf8 100. Ke4 Ke8 101. Kd4 Ra4+ 102. Kd5 Ra5+ 103. Ke6 Ra6+ 104. Kf5 Kf8 105. Rd7 Ke8 106. Rd5 Ke7 107. Rb5 Ke8 108. Rb8+ Ke7 109. Rh8 Ra1 110. Rh7+ Ke8 111. Kf6 Rf1+ 112. Ke6 Kf8 113. Ra7 Rb1 114. Ra8+ Kg7 115. Re8 Ra1 116. Rd8 Ra6+ 117. Ke7 Ra7+ 118. Rd7 Ra6 119. Ke8+ Kg8 120. Rd6 Ra8+ 121. Rd8 Ra7 122. e6 1-0

[Event "Chigorin Memorial 20th"]
[Site "St Petersburg"]
[Date "2012.10.27"]
[Round "1"]
[White "Gladyszev, Oleg"]
[Black "Grigorjev, Iljya"]
[Result "1-0"]
[WhiteElo "2446"]
[BlackElo "2053"]
[PlyCount "87"]
[EventDate "2012.10.27"]
[EventType "swiss"]
[EventRounds "9"]
[EventCountry "RUS"]
[SourceTitle "EXT 2013"]
[Source "ChessBase"]
[SourceDate "2012.11.22"]
[SourceVersion "1"]
[SourceVersionDate "2012.11.22"]
[SourceQuality "1"]

1. d4 Nf6 2. c4 g6 3. Nc3 d5 4. cxd5 Nxd5 5. e4 Nxc3 6. bxc3 Bg7 7. Nf3 c5 8. Rb1 0-0 9. Be2 cxd4 10. cxd4 Qa5+ 11. Bd2 Qxa2 12. 0-0 Bg4 13. Bg5 h6 14. Be3 Nc6 15. d5 Na5 16. Rb4 b6 17. e5 Bxf3 18. Bxf3 Bxe5 19. Bxh6 Rfd8 20. Ra4 Qb3 21. Qxb3 Nxb3 22. d6 Rab8 23. dxe7 Re8 24. Rxa7 Bf6 25. Re1 Nd4 26. Bd5 Rbc8 27. Bf8 Nc6 28. Bxc6 Rxc6 29. Rb7 Bg7 30. Bxg7 Kxg7 31. h4 Kf6 32. Kh2 Re6 33. Rxe6+ Kxe6 34. Kh3 Kf6 35. g4 Rxe7 36. g5+ Ke6 37. Rxb6+ Ke5 38. Rf6 Ra7 39. Kg4 Ke4 40. h5 gxh5+ 41. Kxh5 Rb7 42. Kh6 Ra7 43. Kg7 Ra5 44. f4 1-0

[Event "RUS-chT 19th"]
[Site "Sochi"]
[Date "2012.04.14"]
[Round "6"]
[White "Gladyszev, Oleg"]
[Black "Ovetchkin, Roman"]
[Result "1/2-1/2"]
[WhiteElo "2444"]
[BlackElo "2499"]
[PlyCount "165"]
[EventDate "2012.04.09"]
[EventType "team-swiss"]
[EventRounds "7"]
[EventCountry "RUS"]
[SourceTitle "CBM 148"]
[Source "ChessBase"]
[SourceDate "2012.05.16"]
[SourceVersion "1"]
[SourceVersionDate "2012.05.16"]
[SourceQuality "1"]
[WhiteTeam "Lipetsk"]
[BlackTeam "Nizhny Tagil Politekhnik"]
[WhiteTeamCountry "RUS"]
[BlackTeamCountry "RUS"]

1. d4 Nf6 2. c4 e6 3. Nc3 Bb4 4. Qc2 0-0 5. a3 Bxc3+ 6. Qxc3 d6 7. Bg5 Nbd7 8. e3 b6 9. Qc2 Ba6 10. Bd3 Qc8 11. Ne2 c5 12. 0-0 cxd4 13. Nxd4 Qc5 14. Bxf6 Nxf6 15. Qa4 Bb7 16. Qb5 Rfd8 17. Rfd1 Qc7 18. Qg5 Rac8 19. Qg3 a6 20. Bf1 Qe7 21. Nf3 e5 22. Nd2 Qe6 23. f3 e4 24. Nxe4 Bxe4 25. fxe4 Nxe4 26. Qf4 Rc5 27. Rd4 Re5 28. Rad1 Nf6 29. h3 h6 30. b4 a5 31. R1d3 axb4 32. axb4 Qe7 33. Qf3 Ne4 34. Rd5 Re8 35. Rxe5 Qxe5 36. Rd4 Qe7 37. Qf4 g5 38. Qf3 Qe5 39. Bd3 Nf6 40. Kf2 Kg7 41. h4 Re7 42. hxg5 hxg5 43. Qg3 Qxg3+ 44. Kxg3 Rxe3+ 45. Kf2 Re6 46. g4 Kf8 47. Bf5 Re5 48. Rd1 b5 49. Kf3 Ke7 50. Rc1 bxc4 51. Rxc4 Rb5 52. Bd3 Rb7 53. b5 Ke6 54. Rc1 Ke5 55. Be2 Ne4 56. Rc8 d5 57. Ke3 Nd6 58. Rc5 Ra7 59. Bf3 Ra3+ 60. Ke2 Ne4 61. Bxe4 Kxe4 62. Rc7 f6 63. Re7+ Kf4 64. Re6 Rb3 65. Rxf6+ Kxg4 66. b6 Kg3 67. Kd2 g4 68. Kc2 Rb5 69. Kd3 Kh2 70. Rh6+ Kg2 71. Rg6 g3 72. Ke3 Rb4 73. Kd3 Kf2 74. Rf6+ Kg1 75. Kc3 Rc4+ 76. Kd3 Rb4 77. Kc3 Rb5 78. Kd4 g2 79. Rg6 Kf2 80. Rf6+ Ke2 81. Rg6 Kf1 82. Rf6+ Ke1 83. Re6+ 1/2-1/2

[Event "Tel Aviv"]
[Site "Tel Aviv"]
[Date "2012.03.03"]
[Round "5"]
[White "Haimovich, Tal"]
[Black "Gladyszev, Oleg"]
[Result "0-1"]
[WhiteElo "2408"]
[BlackElo "2458"]
[PlyCount "78"]
[EventDate "2012.02.27"]
[EventType "tourn"]
[EventRounds "9"]
[EventCountry "ISR"]
[EventCategory "7"]
[SourceTitle "CBM 147 Extra"]
[Source "ChessBase"]
[SourceDate "2012.04.24"]
[SourceVersion "1"]
[SourceVersionDate "2012.04.24"]
[SourceQuality "1"]

1. e4 c5 2. Nf3 Nc6 3. d4 cxd4 4. Nxd4 Nf6 5. Nc3 e5 6. Ndb5 d6 7. Bg5 a6 8. Na3 b5 9. Nd5 Be7 10. Bxf6 Bxf6 11. c3 Bg5 12. Nc2 Ne7 13. Ncb4 0-0 14. a4 bxa4 15. Rxa4 a5 16. Nxe7+ Qxe7 17. h4 Qb7 18. hxg5 Qxe4+ 19. Be2 Bd7 20. Nc6 Qxc6 21. Rah4 Bf5 22. Bd3 e4 23. Rxh7 Bxh7 24. Qh5 Rfe8 25. Qxh7+ Kf8 26. Bc2 e3 27. 0-0 exf2+ 28. Rxf2 Re1+ 29. Kh2 Qc5 30. Qh8+ Ke7 31. Qxa8 Qxf2 32. Qb7+ Kf8 33. Qb8+ Re8 34. Qxd6+ Kg8 35. Bd3 Qh4+ 36. Kg1 Qxg5 37. Qa6 g6 38. Bf1 Qe3+ 39. Kh2 Kg7 0-1

[Event "ISR-chT 1112"]
[Site "Israel"]
[Date "2012.03.02"]
[Round "11.2"]
[White "Rodshtein, Maxim"]
[Black "Gladyszev, Oleg"]
[Result "1-0"]
[WhiteElo "2645"]
[BlackElo "2469"]
[PlyCount "107"]
[EventDate "2011.12.16"]
[EventType "team-tourn"]
[EventRounds "11"]
[EventCountry "ISR"]
[SourceTitle "EXT 2013"]
[Source "ChessBase"]
[SourceDate "2012.11.22"]
[SourceVersion "1"]
[SourceVersionDate "2012.11.22"]
[SourceQuality "1"]

1. d4 Nf6 2. c4 g6 3. Nc3 Bg7 4. e4 d6 5. Nf3 0-0 6. h3 e5 7. d5 a5 8. g4 Na6 9. Be3 Nc5 10. Nd2 Ne8 11. h4 f5 12. g5 f4 13. Bxc5 dxc5 14. Bh3 Rf7 15. Qf3 Bf8 16. h5 Ng7 17. hxg6 hxg6 18. Bxc8 Qxc8 19. 0-0-0 Nh5 20. Qg2 Bd6 21. Nf3 Rh7 22. Nb5 Qd7 23. Rd3 Kg7 24. Rb3 b6 25. Qh3 Qxh3 26. Rxh3 Rb8 27. Na7 Kf7 28. Nc6 Re8 29. Kc2 Kg8 30. Rh2 Kg7 31. Rd3 Kf7 32. Kb3 Rhh8 33. Ka4 Kg7 34. Rd1 Kf7 35. Rdh1 Kg7 36. Kb5 Rhf8 37. Rh3 Rf7 38. a3 Rff8 39. b3 Rh8 40. Ra1 Rhf8 41. Rhh1 Kf7 42. b4 axb4 43. axb4 cxb4 44. Nxb4 Ke7 45. Nd3 Kf7 46. Kc6 Re7 47. c5 bxc5 48. Nxc5 Rb8 49. Rhb1 Rxb1 50. Rxb1 Ng7 51. Nd3 Re8 52. Rb7 Re7 53. Rb8 Ne8 54. Rd8 1-0

[Event "Moscow Aeroflot op-B 11th"]
[Site "Moscow"]
[Date "2012.02.13"]
[Round "7"]
[White "Swayams, Mishra"]
[Black "Gladyszev, Oleg"]
[Result "1/2-1/2"]
[WhiteElo "2386"]
[BlackElo "2458"]
[PlyCount "85"]
[EventDate "2012.02.07"]
[EventType "swiss"]
[EventRounds "9"]
[EventCountry "RUS"]
[SourceTitle "CBM 146 Extra"]
[Source "ChessBase"]
[SourceDate "2012.02.29"]
[SourceVersion "1"]
[SourceVersionDate "2012.02.29"]
[SourceQuality "1"]

1. d4 Nf6 2. Nf3 g6 3. Bg5 Bg7 4. Nbd2 d5 5. e3 0-0 6. c4 c5 7. dxc5 Na6 8. Nb3 Ne4 9. Qxd5 Nb4 10. Qxe4 Bf5 11. Bxe7 Bxe4 12. Bxd8 Nc2+ 13. Kd2 Nxa1 14. Be7 Rfe8 15. Bd6 Nxb3+ 16. axb3 Bxb2 17. Bd3 Bxd3 18. Kxd3 Ba3 19. Nd4 b6 20. Nb5 Bxc5 21. Bxc5 bxc5 22. Ra1 Red8+ 23. Kc2 a5 24. Nc7 Ra7 25. Nd5 f5 26. f4 Kf7 27. h3 Ke6 28. Kc3 h6 29. g4 Rb8 30. Kc2 fxg4 31. hxg4 h5 32. gxh5 gxh5 33. Nc3 h4 34. Rh1 Rh8 35. Kd3 Rb7 36. Ke2 Rxb3 37. Ne4 Kf5 38. Kf3 Rb4 39. Rd1 Kg6 40. Rd6+ Kf7 41. Rd7+ Kf8 42. Rd8+ Kg7 43. Rd7+ 1/2-1/2

[Event "Moscow Aeroflot op-B 11th"]
[Site "Moscow"]
[Date "2012.02.12"]
[Round "6"]
[White "Gladyszev, Oleg"]
[Black "Zhang, Xiaowen"]
[Result "1/2-1/2"]
[WhiteElo "2458"]
[BlackElo "2348"]
[PlyCount "52"]
[EventDate "2012.02.07"]
[EventType "swiss"]
[EventRounds "9"]
[EventCountry "RUS"]
[SourceTitle "CBM 146 Extra"]
[Source "ChessBase"]
[SourceDate "2012.02.29"]
[SourceVersion "1"]
[SourceVersionDate "2012.02.29"]
[SourceQuality "1"]

1. d4 Nf6 2. c4 g6 3. Nc3 Bg7 4. e4 d6 5. Nf3 0-0 6. Be2 e5 7. 0-0 Nc6 8. d5 Ne7 9. Ne1 Nd7 10. Be3 f5 11. f3 f4 12. Bf2 g5 13. a4 Rf6 14. a5 a6 15. Nd3 Rh6 16. Be1 Qe8 17. Nf2 Rg6 18. Na4 Bf8 19. c5 Kh8 20. cxd6 cxd6 21. Rc1 Ng8 22. Rc3 h5 23. h3 Nh6 24. Qc2 Be7 25. Bd2 Rg8 26. Rc1 Rb8 1/2-1/2

[Event "Chigorin Memorial 19th"]
[Site "St Petersburg"]
[Date "2011.10.19"]
[Round "6"]
[White "Dvoirys, Semen I"]
[Black "Gladyszev, Oleg"]
[Result "1/2-1/2"]
[WhiteElo "2598"]
[BlackElo "2463"]
[PlyCount "81"]
[EventDate "2011.10.14"]
[EventType "swiss"]
[EventRounds "9"]
[EventCountry "RUS"]
[SourceTitle "CBM 144 Extra"]
[Source "ChessBase"]
[SourceDate "2011.10.28"]
[SourceVersion "1"]
[SourceVersionDate "2011.10.28"]
[SourceQuality "1"]

1. c4 g6 2. d4 Bg7 3. Nf3 Nf6 4. g3 0-0 5. Bg2 d6 6. Nc3 Nbd7 7. 0-0 e5 8. h3 c6 9. Be3 Qe7 10. Qd2 exd4 11. Nxd4 Nb6 12. b3 d5 13. cxd5 Nbxd5 14. Nxd5 Nxd5 15. Bh6 Qb4 16. Qxb4 Nxb4 17. Bxg7 Kxg7 18. Rfc1 Rd8 19. e3 Na6 20. Kf1 Bd7 21. b4 Rac8 22. a3 Rc7 23. Ke1 Rdc8 24. Nb3 c5 25. Nxc5 Nxc5 26. Rxc5 Rxc5 27. bxc5 Rxc5 28. Bxb7 Bxh3 29. Be4 Bf5 30. Bxf5 Rxf5 31. Rb1 Ra5 32. Rb3 h5 33. f4 Ra4 34. Ke2 Kh6 35. Kf3 f5 36. Rc3 Kg7 37. Rc7+ Kf6 38. Rc6+ Kg7 39. Rc7+ Kf6 40. Rc6+ Kg7 41. Rc7+ 1/2-1/2

[Event "Metz op 29th"]
[Site "Metz"]
[Date "2011.05.02"]
[Round "1"]
[White "Colson, Arnaud"]
[Black "Gladyszev, Oleg"]
[Result "0-1"]
[WhiteElo "2157"]
[BlackElo "2472"]
[PlyCount "78"]
[EventDate "2011.05.02"]
[EventType "swiss"]
[EventRounds "9"]
[EventCountry "FRA"]
[SourceTitle "CBM 142 Extra"]
[Source "ChessBase"]
[SourceDate "2011.06.27"]
[SourceVersion "1"]
[SourceVersionDate "2011.06.27"]
[SourceQuality "1"]

1. d4 Nf6 2. c4 g6 3. Nc3 Bg7 4. e4 d6 5. Nf3 0-0 6. Be2 e5 7. 0-0 Nc6 8. d5 Ne7 9. Nd2 a5 10. a3 Bd7 11. b3 c6 12. Rb1 b5 13. dxc6 b4 14. axb4 axb4 15. Nd5 Nxc6 16. Nxf6+ Qxf6 17. Nf3 Qe7 18. Bg5 f6 19. Bh4 Be6 20. Qd2 Rfb8 21. Rfd1 Bf8 22. h3 Ra3 23. Bd3 Kg7 24. Ne1 Na5 25. Bc2 Qa7 26. Kh1 Ra2 27. Qc1 Nc6 28. f3 Be7 29. Nd3 Qa3 30. Bf2 Qxc1 31. Rbxc1 f5 32. Be3 fxe4 33. fxe4 h6 34. Rf1 Bg5 35. Bxg5 hxg5 36. Bb1 Ra3 37. Bc2 Nd4 38. c5 Ne2 39. cxd6 Nxc1 0-1

[Event "RUS-chT 18th"]
[Site "Olginka"]
[Date "2011.04.23"]
[Round "11"]
[White "Gladyszev, Oleg"]
[Black "Grachev, Boris V"]
[Result "1/2-1/2"]
[WhiteElo "2482"]
[BlackElo "2675"]
[PlyCount "130"]
[EventDate "2011.04.12"]
[EventType "team-tourn"]
[EventRounds "11"]
[EventCountry "RUS"]
[SourceTitle "EXT 2020"]
[Source "ChessBase"]
[SourceDate "2019.10.17"]
[SourceVersion "1"]
[SourceVersionDate "2019.10.17"]
[SourceQuality "1"]
[WhiteTeam "Lipetsk EGU Perspektiva"]
[BlackTeam "Moscow ShSM-64"]
[WhiteTeamCountry "RUS"]
[BlackTeamCountry "RUS"]

1. d4 d5 2. c4 e6 3. Nc3 a6 4. Nf3 dxc4 5. a4 Nf6 6. e3 b6 7. Bxc4 Bb7 8. 0-0 Bb4 9. Qe2 0-0 10. Bd3 c5 11. Rd1 cxd4 12. exd4 h6 13. Ne5 Nc6 14. Nxc6 Bxc6 15. Bxa6 Bxc3 16. bxc3 Qd5 17. f3 Qa5 18. Bd3 Qxc3 19. Bb2 Qa5 20. Bc2 Rfc8 21. Rdc1 Qb4 22. Bd1 Nd5 23. Rc4 Qe7 24. Rac1 Bb7 25. Rxc8+ Bxc8 26. Bb3 Bb7 27. Qd2 Qd6 28. Ra1 Qc7 29. Bxd5 Bxd5 30. Bc3 Rc8 31. Bb4 Qc4 32. Rb1 Qc6 33. Ra1 Qc4 34. Rb1 Qa6 35. a5 Rc4 36. Rb2 bxa5 37. Bxa5 f5 38. Bc3 Kh7 39. Rb4 Rc7 40. Rb1 Rc4 41. Rb4 Rc6 42. Rb1 Qc8 43. Rc1 Ra6 44. h3 Qb8 45. Qb2 Qg3 46. Qf2 Qxf2+ 47. Kxf2 Ra2+ 48. Kg1 g5 49. Rd1 Rc2 50. Ba5 Ra2 51. Bc3 Rc2 52. Ba5 Kg6 53. Rd2 Rc1+ 54. Kh2 h5 55. Bb6 f4 56. Ba7 g4 57. hxg4 hxg4 58. fxg4 Kg5 59. Rb2 Rc3 60. Bb8 Rg3 61. Kg1 Rxg4 62. Kf1 Kf5 63. Be5 Bc4+ 64. Kg1 Bd5 65. Kf1 Bc4+ 1/2-1/2

[Event "RUS-chT 18th"]
[Site "Olginka"]
[Date "2011.04.20"]
[Round "8"]
[White "Pogosian, Georgy"]
[Black "Gladyszev, Oleg"]
[Result "1/2-1/2"]
[WhiteElo "2154"]
[BlackElo "2482"]
[PlyCount "60"]
[EventDate "2011.04.12"]
[EventType "team-tourn"]
[EventRounds "11"]
[EventCountry "RUS"]
[SourceTitle "EXT 2020"]
[Source "ChessBase"]
[SourceDate "2019.10.17"]
[SourceVersion "1"]
[SourceVersionDate "2019.10.17"]
[SourceQuality "1"]
[WhiteTeam "Desnogorsk Atom"]
[BlackTeam "Lipetsk EGU Perspektiva"]
[WhiteTeamCountry "RUS"]
[BlackTeamCountry "RUS"]

1. d4 Nf6 2. c4 g6 3. Nc3 Bg7 4. e4 d6 5. Be2 0-0 6. Nf3 e5 7. 0-0 Nc6 8. d5 Ne7 9. Ne1 Nd7 10. Nd3 f5 11. Bd2 Nf6 12. f3 f4 13. g4 g5 14. Be1 h5 15. h3 Ng6 16. Kg2 Kf7 17. Bf2 Nh4+ 18. Bxh4 gxh4 19. c5 Rh8 20. cxd6 cxd6 21. Nf2 hxg4 22. hxg4 h3+ 23. Kh2 Ne8 24. Rc1 Bf6 25. Nxh3 Qb6 26. Kg2 Qxb2 27. Qb3 Qxb3 28. axb3 Bd7 29. Bb5 Ke7 30. Nf2 Rc8 1/2-1/2

[Event "RUS-chT 18th"]
[Site "Olginka"]
[Date "2011.04.16"]
[Round "5"]
[White "Gladyszev, Oleg"]
[Black "Ovetchkin, Roman"]
[Result "0-1"]
[WhiteElo "2482"]
[BlackElo "2487"]
[PlyCount "92"]
[EventDate "2011.04.12"]
[EventType "team-tourn"]
[EventRounds "11"]
[EventCountry "RUS"]
[SourceTitle "EXT 2020"]
[Source "ChessBase"]
[SourceDate "2019.10.17"]
[SourceVersion "1"]
[SourceVersionDate "2019.10.17"]
[SourceQuality "1"]
[WhiteTeam "Lipetsk EGU Perspektiva"]
[BlackTeam "Nizhny Tagil Politekhnik"]
[WhiteTeamCountry "RUS"]
[BlackTeamCountry "RUS"]

1. d4 Nf6 2. c4 e6 3. Nc3 Bb4 4. Qc2 d6 5. a3 Bxc3+ 6. Qxc3 Nbd7 7. g3 e5 8. Nf3 e4 9. Nd2 0-0 10. Bg2 Re8 11. 0-0 Nf8 12. b4 c6 13. f3 exf3 14. exf3 d5 15. c5 b6 16. Nb3 Ba6 17. Rf2 Ne6 18. Be3 Bc4 19. Rd2 Nd7 20. Rdd1 Qf6 21. Nd2 bxc5 22. Nxc4 dxc4 23. Bf2 Nb6 24. f4 Rad8 25. bxc5 Nxc5 26. Bxc6 Ne4 27. Bxe4 Rxe4 28. Qa5 h6 29. Rac1 Re2 30. Rd2 Qe7 31. Rxe2 Qxe2 32. Qxa7 Qd2 33. Re1 Nd5 34. Qa4 c3 35. Re8+ Kh7 36. Be1 Qc1 37. Re2 Qa1 38. Qb3 Kg8 39. Kf2 Qc1 40. a4 g5 41. fxg5 Qxg5 42. Qc4 Qf5+ 43. Kg2 Rc8 44. Qb5 c2 45. Re8+ Kh7 46. Bd2 c1Q 0-1

[Event "Lipetsk King's Gambit-A"]
[Site "Lipetsk"]
[Date "2010.06.29"]
[Round "7"]
[White "Gladyszev, Oleg"]
[Black "Slugin, Sergey"]
[Result "1/2-1/2"]
[WhiteElo "2480"]
[BlackElo "2439"]
[PlyCount "37"]
[EventDate "2010.06.23"]
[EventType "tourn"]
[EventRounds "9"]
[EventCountry "RUS"]
[EventCategory "9"]
[SourceTitle "CBM 137 Extra"]
[Source "ChessBase"]
[SourceDate "2010.09.01"]
[SourceVersion "1"]
[SourceVersionDate "2010.09.01"]
[SourceQuality "1"]

1. d4 Nf6 2. c4 e6 3. Nc3 Bb4 4. Qc2 0-0 5. a3 Bxc3+ 6. Qxc3 d5 7. e3 b6 8. Nf3 Bb7 9. Be2 Nbd7 10. b3 c5 11. 0-0 Rc8 12. Bb2 dxc4 13. bxc4 cxd4 14. exd4 Qc7 15. Rac1 Rfd8 16. Rfe1 Qf4 17. Qe3 Qxe3 18. fxe3 Ne4 19. Red1 1/2-1/2